<?xml version="1.0" encoding="UTF-8"?>
<marc:record xmlns:marc="http://www.loc.gov/MARC21/slim">
   <marc:leader>00000nam a2200000 a 4500</marc:leader>
   <marc:datafield ind1="1" ind2=" " tag="100">
      <marc:subfield code="a">Rauchegger, Andreas</marc:subfield>
      <marc:subfield code="4">aut</marc:subfield>
      <marc:subfield code="e">Verfasser/-in</marc:subfield>
   </marc:datafield>
   <marc:datafield ind1="1" ind2=" " tag="100">
      <marc:subfield code="a">Schönpflug, Ingo</marc:subfield>
      <marc:subfield code="4">aut</marc:subfield>
      <marc:subfield code="e">Verfasser/-in</marc:subfield>
   </marc:datafield>
   <marc:datafield ind1=" " ind2=" " tag="653">
      <marc:subfield code="a">Geschichte</marc:subfield>
   </marc:datafield>
   <marc:datafield ind1=" " ind2=" " tag="653">
      <marc:subfield code="a">Kämmerer</marc:subfield>
   </marc:datafield>
   <marc:datafield ind1=" " ind2=" " tag="653">
      <marc:subfield code="a">Gebäude</marc:subfield>
   </marc:datafield>
   <marc:datafield ind1=" " ind2=" " tag="653">
      <marc:subfield code="a">Innsbruck</marc:subfield>
   </marc:datafield>
   <marc:datafield ind1=" " ind2=" " tag="653">
      <marc:subfield code="a">Kunst- und Auktionshaus</marc:subfield>
   </marc:datafield>
   <marc:datafield ind1=" " ind2=" " tag="653">
      <marc:subfield code="a">Hötting</marc:subfield>
   </marc:datafield>
   <marc:datafield ind1=" " ind2=" " tag="653">
      <marc:subfield code="a">Höttinger Saalschlacht</marc:subfield>
   </marc:datafield>
   <marc:datafield ind1=" " ind2=" " tag="653">
      <marc:subfield code="a">Erzherzog Maximilian</marc:subfield>
   </marc:datafield>
   <marc:datafield ind1=" " ind2=" " tag="653">
      <marc:subfield code="a">Schneeburggasse</marc:subfield>
   </marc:datafield>
   <marc:datafield ind1=" " ind2=" " tag="653">
      <marc:subfield code="a">Architektur</marc:subfield>
   </marc:datafield>
   <marc:datafield ind1=" " ind2=" " tag="653">
      <marc:subfield code="a">Softcover / Geschichte/Regionalgeschichte</marc:subfield>
   </marc:datafield>
   <marc:datafield ind1=" " ind2=" " tag="653">
      <marc:subfield code="a">Ländergeschichte</marc:subfield>
   </marc:datafield>
   <marc:datafield ind1="0" ind2="0" tag="245">
      <marc:subfield code="a">Treffpunkt Taverne Goldener Bär</marc:subfield>
   </marc:datafield>
   <marc:datafield ind1="0" ind2="0" tag="245">
      <marc:subfield code="b">die abwechslungsreiche Geschichte des Kammerhofes in Hötting</marc:subfield>
   </marc:datafield>
   <marc:datafield ind1="0" ind2="0" tag="245">
      <marc:subfield code="c">Andreas Rauchegger/Ingo Schönpflug</marc:subfield>
   </marc:datafield>
   <marc:datafield ind1=" " ind2="1" tag="264">
      <marc:subfield code="a">Innsbruck</marc:subfield>
      <marc:subfield code="b">Universitätsverlag Wagner</marc:subfield>
   </marc:datafield>
   <marc:datafield ind1="1" ind2=" " tag="490">
      <marc:subfield code="a">Veröffentlichungen des Innsbrucker Stadtarchivs</marc:subfield>
      <marc:subfield code="v">Neue Folge, Band 59</marc:subfield>
   </marc:datafield>
   <marc:datafield ind1="1" ind2=" " tag="520">
      <marc:subfield code="a">Angaben aus der Verlagsmeldung

Treffpunkt Taverne - Goldener Bär : Die abwechslungsreiche Geschichte des Kammerhofes in Hötting / von Andreas Rauchegger, Ingo Schönpflug

EIN GESCHICHTSTRÄCHTIGES GEBÄUDE MITTEN IN INNSBRUCK
Lediglich das Tonnengewölbe im Keller und wenige Relikte erinnern an die geschichtsträchtige Vergangenheit der Liegenschaft in der Schneeburggasse 29-31 im Innsbrucker Stadtteil Hötting. Wie früh die Geschichte dieses Gebäudes bereits beginnt, zeigt ein Wandgemälde, dessen Herzstück ein Goldener Bär ist und das bereits mit dem Jahr 1459 datiert wurde.

VOM MITTELALTER BIS IN DIE GEGENWART - EINE LANGE GESCHICHTE, DIE ERZÄHLT WERDEN MUSS
Wo sich heute im Parterre das Kunst- und Auktionshaus Innsbruck befindet, hatten im Mittelalter die Kämmerer von Hötting ihren Verwaltungssitz, bestimmte später Erzherzog Maximilian über die Zukunft der Wirtstaverne und residierten die Herren von Firmian. Ebendort, im Gasthaus Goldener Bär, fand Jahrhunderte später die sogenannte Höttinger Saalschlacht statt und wurde in jüngeren Jahren Theater und Jazz gespielt.

Die beiden Autoren zeichnen die lange und geschichtsträchtige Historie der Liegenschaft in der Innsbrucker Schneeburggasse, unter Einbindung neu erschlossener Quellen, nach.
</marc:subfield>
   </marc:datafield>
   <marc:datafield ind1=" " ind2=" " tag="020">
      <marc:subfield code="a">9783703009648</marc:subfield>
      <marc:subfield code="9">9783703009648</marc:subfield>
   </marc:datafield>
   <marc:datafield ind1=" " ind2=" " tag="020">
      <marc:subfield code="a">3703009640</marc:subfield>
      <marc:subfield code="9">3703009640</marc:subfield>
   </marc:datafield>
   <marc:datafield ind1=" " ind2=" " tag="041">
      <marc:subfield code="a">ger</marc:subfield>
   </marc:datafield>
   <marc:datafield ind1=" " ind2=" " tag="300">
      <marc:subfield code="a">117 Seiten</marc:subfield>
   </marc:datafield>
</marc:record>
